000 00502nam a2200169 a 4500
005 20140412111258.0
008 000818s19uu xx 00 eng d
020 _a0-590-31526-9
050 _aTR(PS E
_bBa31 1981
100 _aZiefert, Harriet
245 _aBath book (The) /
_cHarriet Ziefert ; illustrated by Loek Koopmans.
260 _aNew York :
_bScholastic Book Services,
_c1981.
300 _a1 v. (unp.) ; ill.
650 _aBaths--Fiction
650 _aChildren stories
999 _c103260
_d103260